Mara marriage system/ (Record no. 193730)

MARC details
000 -LEADER
fixed length control field 00583nam a22001817a 4500
005 - DATE AND TIME OF LATEST TRANSACTION
control field 20221111153916.0
010 ## - LCCN (DPL NO)
LC control number ENG-135674
020 ## - INTERNATIONAL STANDARD BOOK NUMBER
International Standard Book Number 9789392173172
Terms of availability 300.00
035 ## - SYSTEM CONTROL NUMBER
System control number EN-119206
037 ## - SOURCE OF ACQUISITION
Source of stock number/acquisition DBAD/PUB
082 ## - DEWEY DECIMAL CLASSIFICATION NUMBER
Classification number 342.5416606
100 ## - MAIN ENTRY--PERSONAL NAME
Personal name Chawngthu, Chawngkhuma
245 ## - TITLE STATEMENT
Title Mara marriage system/
Statement of responsibility, etc byChawngkhuma Chawngthu
260 ## - PUBLICATION, DISTRIBUTION, ETC. (IMPRINT)
Place of publication, distribution, etc Aizawl
Name of publisher, distributor, etc Lengchhawn, Offset
Date of publication, distribution, etc 2021
270 ## - ADDRESS
Address C-19, Khatla Bethel
City Mizoram
Postal code 796001
Telephone number 03892334160
Electronic mail address lengchhawn@gmail.com
300 ## - PHYSICAL DESCRIPTION
Extent vii;230p.
Dimensions 22cm(hbk)
Other physical details Bibliography
942 ## - ADDED ENTRY ELEMENTS (KOHA)
Source of classification or shelving scheme Dewey Decimal Classification
Item type English Books
Call number suffix CHA
Classification part 342.5416606
Holdings
Withdrawn status Lost status Not for loan Collection code Home library Current library Date acquired Source of acquisition Cost, normal purchase price Full call number Barcode Copy number Cost, replacement price Koha item type
      Non-fiction Peshwa Road Peshwa Road 11/11/2022 DBAD/PUB 300.00 342.5416606 CHA EN-119206 1 300.00 English Books

© Delhi Public Library
Hit Counter
free hit counter